000 00942nmc a2200337 a 4500
003 AR-BaBNM
005 20251128210005.0
008 148119s1996 ||||||||||||||000 | spa||
020 _a950-687-030-6
040 _cAR-BaBNM
100 1 _aGuasco, María Josefa
245 1 0 _aGeometría
_bsu enseñanza
250 _a1ª ed.
260 _aBuenos Aires
_bConicet
_c1996
300 0 _a221 p.
_bil., gráfs.
490 0 _aProciencia Conicet
500 0 _aEste material forma parte del Proyecto de Matemática
504 _aBibliografía p. 219-221
650 4 _aACTIVIDADES DE APRENDIZAJE
650 4 _aMATEMATICA
650 4 _aVECTORES
650 4 _aJUEGOS EDUCATIVOS
650 4 _aSOLUCION DE PROBLEMAS
650 4 _aFORMACION DE DOCENTES
653 0 _aEDUCACION A DISTANCIA
653 0 _aENSENANZA DE LA GEOMETRIA
653 0 _aGEOMETRIA PLANA
700 1 _aCrespo Crespo, Cecilia
942 _cBK
998 _cCarmen
999 _c13615
_d13615